Ježišove zázraky

Bibliographic Details
Main Author: Olesen, Cecilie (Author)
Other Authors: Lamour, Sandrine, 1977- (Illustrator)
Format: Book
Language:Slovak
English
PhysicalDescription:12 nečíslovaných strán farebné ilustrácie 20 cm
Published: [Banská Bystrica] Slovenská biblická spoločnosť 2021
ISBN:9788089846726
Subjects:

MARC

LEADER 00000nam a2200000 4500
001 vtls012132320
003 SK-MaSNL
005 20260301055438.0
008 220426s2021 xo a a 000 0 slo
015 |a SNBA2022/06 
020 |a 9788089846726  |q (viazané) 
040 |a SNK  |b slo  |c SNK  |e rda 
041 1 |a slo  |h eng 
044 |a xo  |c SK 
072 7 |a 821-93  |x Literatúra pre deti a mládež (beletria)  |2 konspekt 
072 7 |a 2-23/-27  |x Biblia. Biblistika  |2 konspekt 
080 |a 27-236.5  |2 2011 
080 |a 27-145.55-23-317.5  |2 2011 
080 |a 27-236  |2 2011 
080 |a 793.7-047.25  |2 2011 
080 |a 821-93  |2 2011 
080 |a (0.025.2)  |2 2011 
100 1 |a Olesen, Cecilie  |4 aut  |9 337796 
240 1 0 |a Ready, Set, Find - Wonders of Jesus  |l Slovensky 
245 1 0 |a Ježišove zázraky  |c text: Celilie Fodor ; ilustrácie: Sandrine L'amour 
264 1 |a [Banská Bystrica]  |b Slovenská biblická spoločnosť  |c 2021 
300 |a 12 nečíslovaných strán  |b farebné ilustrácie  |c 20 cm 
336 |a text  |b txt  |2 rdacontent 
336 |a statický obraz  |b sti  |2 rdacontent 
337 |a bez média  |b n  |2 rdamedia 
338 |a zväzok  |b nc  |2 rdacarrier 
500 |a Preložené z angličtiny 
500 |a Miesto vydania podľa NA ISBN 
500 |a Kartónové listy 
600 0 7 |a Ježiš Kristus  |2 SNKMA 
650 0 7 |a biblické postavy  |2 SNKPH  |9 4145 
650 0 7 |a biblické udalosti  |2 SNKPH  |9 4157 
650 0 7 |a biblické zázraky  |2 SNKPH  |9 369073 
650 0 7 |a biblické parafrázy  |2 SNKPH  |9 74940 
650 0 7 |a hľadanie obrázkov (hry)  |2 SNKPH  |9 330494 
650 0 7 |a Bible persons  |2 SNKPHeng  |9 276269 
650 0 7 |a Biblical events  |2 SNKPHeng  |9 294650 
650 0 7 |a Biblical miracles  |2 SNKPHeng  |9 369074 
650 0 7 |a Biblical paraphrases  |2 SNKPHeng  |9 327285 
650 0 7 |a Find game images  |2 SNKPHeng  |9 369075 
655 7 |a leporelá  |2 SNKPH  |9 60414 
655 7 |a publikácie pre deti  |2 SNKPH  |9 70148 
655 7 |a Picture books for children  |2 SNKPHeng  |9 277438 
655 7 |a Publications for children  |2 SNKPHeng  |9 276792 
700 1 |a Lamour, Sandrine,  |d 1977-  |4 ill  |9 211727 
787 0 8 |i Zo série:  |t Hľadajme spolu v Biblii 
919 |a 978-80-89846-72-6 
954 |a ilustrované knihy, leporelá, komiksy cudzojazyčné (svetové) 
958 |a DB 
968 |b ENG 
999 |c 613378  |d 615308 
952 |a SNK  |b SNK  |y PREZ  |7 0  |p 17A1482099  |o snkOSD 10718  |i snk2022/6170  |8 0  |0 0  |1 0  |4 0  |d 2022-04-26  |l 0  |r 2026-02-23 16:30:05  |w 2026-02-23 
952 |a SNK  |b SNK  |y PREZ  |7 0  |p 17A1482100  |o snkOSD 10718 D1  |i snk2022/6171  |8 0  |0 0  |1 0  |4 0  |d 2022-04-26  |l 0  |r 2026-02-23 16:30:05  |w 2026-02-23